| 000 | 00959nmc a2200325 a 4500 | ||
|---|---|---|---|
| 003 | AR-BaBNM | ||
| 005 | 20251128210101.0 | ||
| 008 | 159019s1998 ||||||||||||||000 | spa|| | ||
| 020 | _a950-701-482-9 | ||
| 040 | _cAR-BaBNM | ||
| 100 | 1 | _aPuig, José María | |
| 245 | 1 | 0 |
_aAprender a dialogar _bactividades para la toma de conciencia de las habilidades para el diálogo |
| 250 | _a1ª ed. | ||
| 260 |
_aBuenos Aires _bAique _c1998 |
||
| 300 | 0 | _a149 p. | |
| 490 | 0 | _aEstrategias de aula | |
| 500 | 0 | _aContiene referencias bibliográficas p. 147-149 | |
| 650 | 4 | _aEDUCACION MORAL | |
| 650 | 4 | _aDIALOGO | |
| 650 | 4 | _aPROCESO DE APRENDIZAJE | |
| 650 | 4 | _aOBJETIVOS EDUCACIONALES | |
| 650 | 4 | _aACTIVIDADES DE APRENDIZAJE | |
| 650 | 4 | _aADOLESCENTES | |
| 653 | 0 | _aCONTENIDOS ACTITUDINALES | |
| 653 | 0 | _aCONTENIDOS PROCEDIMENTALES | |
| 653 | 0 | _aCONTENIDOS CONCEPTUALES | |
| 653 | 0 | _aEDUCACION SECUNDARIA | |
| 942 | _cBK | ||
| 998 | _cRaquel | ||
| 999 |
_c13967 _d13967 |
||